000 00535nam a22001937a 4500
003 OSt
005 20230930104032.0
008 160530b xxu||||| |||| 00| 0 eng d
020 _a0521629128
040 _c040a
082 _a579 HER
_b1999
100 _aHeritage, J.; Evans, E. G. V.; Killington, R. A.
_94114
245 _aMicrobiology in Action
260 _aCambridge;
_bCambridge University press
_c1999
300 _axv, 290p;
_bill :
_c12cm.
504 _aIncludes index
650 _aMicrobiology
_9749
942 _2ddc
_cO_SHELF
999 _c4224
_d4224